| 000 | 00553nam a2200205Ia 4500 | ||
|---|---|---|---|
| 003 | SISC | ||
| 005 | 20190112083156.0 | ||
| 008 | 190108s9999 xx 000 0 und d | ||
| 020 | _a9781416975861 | ||
| 050 |
_aPZ 7 _b.C591 2010 |
||
| 100 | _aClare, Cassandra | ||
| 245 |
_aClockwork angel / _cCassandra Clare |
||
| 260 |
_aNY: _bMargaret K. Mcelderry Books _c2010 |
||
| 300 |
_a479 pages : _c210 cm. |
||
| 440 | _aThe infernal devices | ||
| 650 |
_aDemonology _vFiction |
||
| 650 |
_aSupernatural _vFiction |
||
| 942 |
_2lcc _cBK |
||
| 999 |
_c360331 _d360331 |
||